[Event "Beacon Seniors op"]
[Site "Exmouth"]
[Date "2006.11.14"]
[Round "2"]
[White "Ehtesham Haghighi, YAH"]
[Black "Tout, David J"]
[Result "0-1"]
[WhiteElo "1080"]
[BlackElo "1496"]
[PlyCount "64"]
[EventDate "2006.11.13"]
[EventType "swiss"]
[EventRounds "5"]
[EventCountry "ENG"]
[SourceTitle "EXT 2008"]
[Source "ChessBase"]
[SourceDate "2007.11.25"]
[SourceVersion "1"]
[SourceVersionDate "2007.11.25"]
[SourceQuality "1"]

1. d4 d5 2. c4 e6 3. cxd5 exd5 4. Nc3 c6 5. Nf3 Nf6 6. Bg5 Be7 7. Bxf6 Bxf6 8. e4 0-0 9. e5 Be7 10. Qc2 Be6 11. Bd3 h6 12. 0-0-0 Nd7 13. g3 c5 14. Bb5 a6 15. Bxd7 Qxd7 16. dxc5 Rfc8 17. Na4 Rc6 18. Nb6 Rxb6 19. cxb6 Rc8 20. Qxc8+ Qxc8+ 21. Kb1 Bf5+ 22. Ka1 Be4 23. Rc1 Qf5 24. Nd4 Qxe5 25. Rhd1 Bd8 26. Rc8 Qf6 27. f4 Kh7 28. g4 Bxb6 29. Rc3 Bxd4 30. g5 hxg5 31. Rh3+ Kg8 32. fxg5 Bxb2# 0-1

[Event "Beacon Seniors op 60+"]
[Site "Exmouth"]
[Date "2005.11.16"]
[Round "3"]
[White "Ehtesham Haghighi, YAH"]
[Black "Kaye, Michael J"]
[Result "0-1"]
[WhiteElo "1120"]
[BlackElo "1432"]
[PlyCount "90"]
[EventDate "2005.11.14"]
[EventType "swiss"]
[EventRounds "5"]
[EventCountry "ENG"]
[SourceTitle "EXT 2007"]
[Source "ChessBase"]
[SourceDate "2006.11.23"]
[SourceVersion "1"]
[SourceVersionDate "2006.11.23"]
[SourceQuality "1"]

1. d4 Nf6 2. Bg5 h6 3. Bh4 g5 4. Bg3 Bg7 5. Nf3 d6 6. e3 Ne4 7. Nbd2 Nxg3 8. hxg3 Bf5 9. c3 Nd7 10. e4 Bg6 11. Bd3 e5 12. d5 a6 13. Qb3 Rb8 14. g4 0-0 15. 0-0-0 c6 16. Nc4 Nf6 17. Nfd2 Nxd5 18. exd5 Bxd3 19. Ne3 Qd7 20. c4 Be2 21. Nf5 Bxd1 22. Qxd1 f6 23. Nxh6+ Bxh6 24. Rxh6 Qg7 25. Qh1 Kf7 26. Ne4 Kg8 27. Nxd6 f5 28. gxf5 Rf6 29. Rxf6 Qxf6 30. c5 cxd5 31. g4 e4 32. Qh2 Rd8 33. Nxb7 Rd7 34. Nd6 Rh7 35. Qg2 Qd4 36. Ne8 Qxc5+ 37. Kb1 Qe7 38. Nf6+ Qxf6 39. Qg3 Qd8 40. Qe5 Rh1+ 41. Kc2 Qc8+ 42. Kb3 Qc4+ 43. Ka3 Qc5+ 44. b4 Rh3+ 45. Kb2 Qxf2+ 0-1

[Event "Beacon Seniors op 60+"]
[Site "Exmouth"]
[Date "2005.11.14"]
[Round "1"]
[White "Ehtesham Haghighi, YAH"]
[Black "Kearsley, Raymond J"]
[Result "0-1"]
[WhiteElo "1120"]
[BlackElo "1608"]
[PlyCount "54"]
[EventDate "2005.11.14"]
[EventType "swiss"]
[EventRounds "5"]
[EventCountry "ENG"]
[SourceTitle "EXT 2007"]
[Source "ChessBase"]
[SourceDate "2006.11.23"]
[SourceVersion "1"]
[SourceVersionDate "2006.11.23"]
[SourceQuality "1"]

1. e4 d5 2. exd5 Nf6 3. Nc3 Nxd5 4. Nxd5 Qxd5 5. Nf3 Nc6 6. c4 Qf5 7. b3 e5 8. d3 Bb4+ 9. Bd2 Bc5 10. b4 Nxb4 11. Qa4+ Nc6 12. Nh4 Qxf2+ 13. Kd1 Qxh4 14. g3 Qd4 15. Rb1 0-0 16. Bg2 Qxd3 17. Rb3 Bg4+ 18. Kc1 Qd4 19. Bxc6 bxc6 20. Re1 Rfd8 21. Bc3 Qf2 22. Rb2 Be3+ 23. Kb1 Rab8 24. Bb4 Bf5+ 25. Ka1 Bd4 26. Reb1 Bxb1 27. Kxb1 Qxb2# 0-1